000 01231cam a2200325Ia 4500
001 CRC000E7258PDF
003 BD-DhSAU
005 20151012144301.0
006 m|||||o||d||||||||
007 cr||||
008 070308s2007 flu sb 001 0 eng d
020 _a9781420006889 (ebook : PDF)
040 _aBD-DhSAU
_cBD-DhSAU
090 _aQD415
_b.B45 2007
092 _a572
_bB615
245 0 0 _aBioactive natural products
_h[electronic resource] :
_bdetection, isolation, and structural determination, /
_ceditors, Steven M. Colegate and Russell J. Molyneux.
250 _a2nd ed.
260 _aBoca Raton :
_bTaylor & Francis,
_c2007.
300 _a624 p.
504 _aIncludes bibliographical references and index.
530 _aAlso available in print edition.
_bCRC Press (http://www.crcpress.com)
538 _aMode of access: World Wide Web.
650 0 _aNatural products.
650 0 _aBioactive compounds.
655 7 _aElectronic books.
_2lcsh
700 1 _aColegate, Steven M.
700 1 _aMolyneux, Russell J.
776 1 _z9780849372582
856 4 0 _uhttp://marc.crcnetbase.com/isbn/9781420006889
_qapplication/PDF
999 _c11269
_d11268